| 000 | 00686nam a2200181Ia 4500 | ||
|---|---|---|---|
| 999 |
_c2704 _d2704 |
||
| 003 | DO-SdBJH | ||
| 005 | 20180416224643.0 | ||
| 008 | 180414s9999 dr 000 0 spa d | ||
| 040 |
_aDO-SdBJH _bspa _cDO-SdBJH |
||
| 090 | _aDM FC 100-37 1986 | ||
| 110 | _aEscuela de Comando y Estado Mayor del Ejército de EE.UU. | ||
| 245 | 1 | 0 | _aFC 100-37 La neutralización del terrorismo por la unidad / Escuela de Comando y Estado Mayor del Ejército de EE.UU. |
| 260 | _aFort Leavenworth, Kansas : Escuela de Comando y Estado Myor del Ejército de EE.UU., 1986 | ||
| 300 | _aii, 11 páginas en varias paginaciones | ||
| 504 | _aIncluye apéndices | ||
| 650 | 4 | _aTerrorismo | |
| 942 |
_2ddc _cBK |
||